Statistics for Spanish Vocabulary Words That Start With E

Click here to take the quiz!

General Stats

  • This quiz has been taken 2,635 times
  • The average score is 46 of 65

Answer Stats

English español % Correct
sheella
97%
Spainespaña
93%
Januaryenero
93%
to writeescribir
92%
saladensalada
91%
to studyestudiar
91%
to listenescuchar
91%
specialespecial
91%
elegantelegante
91%
schoolescuela
90%
elephantelefante
90%
stationestación
89%
studentestudiante
88%
Europeeuropa
88%
starestrella
84%
emergencyemergencia
84%
to teachenseñar
83%
to waitesperar
83%
understandentender
83%
economyeconomía
83%
editionedición
82%
to beginempezar
81%
stomachestómago
81%
to sendenviar
80%
energyenergía
80%
ageedad
80%
illenfermo
80%
stadiumestadio
76%
to explainexplicar
76%
spaceespacio
76%
back (body part)espalda
75%
to findencontrar
75%
to existexistir
75%
electionelección
75%
teamequipo
74%
electricityelectricidad
74%
to exploreexplorar
74%
stressestrés
70%
stateestado
69%
to escapeescapar
69%
entranceentrada
69%
mirrorespejo
67%
to skiesquiar
67%
to expressexpresar
63%
to spyespiar
62%
exerciseejercicio
61%
foreignerextranjero
59%
to chooseelegir
59%
pregnantembarazada
59%
enemyenemigo
59%
employeeempleado
56%
corneresquina
56%
interviewentrevista
56%
equatorecuador
55%
successexito
54%
strangeextraño
52%
angryenojado
50%
staircaseescalera
50%
to pushempujar
49%
spongeesponja
49%
spinachespinaca
49%
luggageequipaje
47%
armyejército
39%
embassyembajada
24%
to spitescupir
17%

Score Distribution

Percentile by Number Answered

Percent of People with Each Score

Your Score History

You have not taken this quiz